01719 2200253 4500001002100000005001500021035002000036007000300056008004100059020002200100100005400122245008700176250001000263260003800273300003200311700002500343650001400368650002100382650002200403082001600425084002000441520098200461990002201443INLIS00000000000567920260408104325 a0010-0226000007ta260408 0 ind  a978-979-582-374-20 aSatu Komando Pertanian Wujudkan Swasembada Pangan1 aSatu Komando Pertanian Wujudkan Swasembada Pangan /cAndi Amran Sulaiman...[et.al] aEd. 1 aJakarta :bPertanian Press,c2025 axii, 155 hal.; ilus.; 21 cm0 aSULAIMAN, Andi Amran 4aPertanian 4aketahanan pangan 4aswasembada pangan a63 : 338.43 a63 : 338.43 SAT aProgram Satu Komando Pangan Nasional dirumuskan sebagai respons atas kebutuhan penguatan koordinasi dan percepatan pencapaian swasembada pangan. Program ini mengedepankan pendekatan terintegrasi lintas sektor guna mengatasi berbagai hambatan struktural dalam sistem produksi, distribusi, dan pengendalian pangan nasional. Melalui sinergi antar kementerian dan lembaga, antara lain Kementerian Pertanian, Kementerian Pertahanan, Kementerian Pekerjaan Umum dan Perumahan Rakyat, Kementerian Badan Usaha Milik Negara, Kementerian Dalam Negeri, Badan Pangan Nasional, BUMN Pangan, Tentara Nasional Indonesia, dan Kepolisian Negara Republik Indonesia, program ini diarahkan untuk memperkuat perencanaan, pelaksanaan, dan pengawasan kebijakan pangan secara terpadu. Kolaborasi tersebut diharapkan mampu meningkatkan efektivitas intervensi pemerintah, mempercepat pengambilan keputusan, serta menciptakan sistem pangan nasional yang lebih tangguh, terkoordinasi, dan berkelanjutan. a5111/BPPSDMP/2026